<?xml version="1.0" encoding="UTF-8"?><?xml-stylesheet type="text/xsl" href="static/style.xsl"?><OAI-PMH xmlns="http://www.openarchives.org/OAI/2.0/" xmlns:xsi="http://www.w3.org/2001/XMLSchema-instance" xsi:schemaLocation="http://www.openarchives.org/OAI/2.0/ http://www.openarchives.org/OAI/2.0/OAI-PMH.xsd"><responseDate>2026-04-30T00:36:45Z</responseDate><request verb="GetRecord" identifier="oai:uvadoc.uva.es:10324/20118" metadataPrefix="marc">https://uvadoc.uva.es/oai/request</request><GetRecord><record><header><identifier>oai:uvadoc.uva.es:10324/20118</identifier><datestamp>2021-06-30T08:28:25Z</datestamp><setSpec>com_10324_7462</setSpec><setSpec>com_10324_5186</setSpec><setSpec>com_10324_29291</setSpec><setSpec>col_10324_7509</setSpec></header><metadata><record xmlns="http://www.loc.gov/MARC21/slim" xmlns:doc="http://www.lyncode.com/xoai" xmlns:xsi="http://www.w3.org/2001/XMLSchema-instance" xmlns:dcterms="http://purl.org/dc/terms/" xsi:schemaLocation="http://www.loc.gov/MARC21/slim http://www.loc.gov/standards/marcxml/schema/MARC21slim.xsd">
<leader>00925njm 22002777a 4500</leader>
<datafield tag="042" ind1=" " ind2=" ">
<subfield code="a">dc</subfield>
</datafield>
<datafield tag="720" ind1=" " ind2=" ">
<subfield code="a">González de León, Fernando</subfield>
<subfield code="e">author</subfield>
</datafield>
<datafield tag="260" ind1=" " ind2=" ">
<subfield code="c">1993</subfield>
</datafield>
<datafield tag="520" ind1=" " ind2=" ">
<subfield code="a">En este estudio, intento describir el funcionamiento del sistema disciplinario de los famosos tercios de Flandes y sugerir que las reformas judiciales y disciplinarias del Conde Duque de Olivares, valido de Felipe IV, contribuyeron a minar la efectividad de este ejército, lo que desempeñó un papel importante en la derrota de España en la guerra de Flandes (1567-1659).</subfield>
</datafield>
<datafield tag="520" ind1=" " ind2=" ">
<subfield code="a">In this study I try to describe the structure and function of the military justice system in Spain's Army of Flanders and to suggest that the reforms introduced by the Count Duke of Olivares, valido de Philip IV, actually undermined the effectiveness of the army and thus played an important role in the defeat of Spain in the Eighty Years War (1567-1659).</subfield>
</datafield>
<datafield tag="024" ind2=" " ind1="8">
<subfield code="a">Investigaciones históricas: Época moderna y contemporánea, 1993, N.13, pags.107-130</subfield>
</datafield>
<datafield tag="024" ind2=" " ind1="8">
<subfield code="a">0210-9425</subfield>
</datafield>
<datafield tag="024" ind2=" " ind1="8">
<subfield code="a">http://uvadoc.uva.es/handle/10324/20118</subfield>
</datafield>
<datafield tag="024" ind2=" " ind1="8">
<subfield code="a">107</subfield>
</datafield>
<datafield tag="024" ind2=" " ind1="8">
<subfield code="a">13</subfield>
</datafield>
<datafield tag="024" ind2=" " ind1="8">
<subfield code="a">130</subfield>
</datafield>
<datafield ind1=" " ind2=" " tag="653">
<subfield code="a">Historia moderna y contemporánea</subfield>
</datafield>
<datafield tag="245" ind1="0" ind2="0">
<subfield code="a">La administración del Conde-Duque de Olivares y la justicia militar en el ejército de Flandes (1567-1643)</subfield>
</datafield>
</record></metadata></record></GetRecord></OAI-PMH>